Statistics for Englishman who have Champions League winners medal

Click here to take the quiz!

General Stats

  • This quiz has been taken 30 times
  • The average score is 17 of 26

Answer Stats

YearsAnswer% Correct
2012Lampard
100%
1999Cole
96%
2012Cole
96%
1999,2008Scholes
96%
1999Beckham
93%
2005Gerrard
93%
2012Terry
93%
1999,2008Neville
89%
1999Neville
89%
2005Carragher
85%
1999Butt
78%
2008Carrick
78%
2008Rooney
78%
2008Ferdinand
74%
2012Cahill
70%
1999Sheringham
70%
2012Bertrand
59%
1999,2008Brown
56%
2001,2008Hargreaves
56%
2012Sturridge
41%
2000,2002MacManaman
37%
1999May
30%
2012Turnbull
30%
2005Carson
19%
1999Greening
15%
2012Blackman
7%

Score Distribution

Percentile by Number Answered

Percent of People with Each Score

Your Score History

You have not taken this quiz